Best Ever Foreign Premier League Players - Statistics

General Stats
  • This quiz has been taken 320 times
    279 since last reset
  • The average score is 24 of 50
Answer Stats
Rank: Nation: Player: % Correct
2 Portugal Cristiano Ronaldo
98%
1 France Thierry Henry
98%
4 Uruguay Luis Suárez
93%
8 Ivory Coast Didier Drogba
92%
19 Netherlands Robin Van Persie
85%
6 Netherlands Dennis Bergkamp
84%
7 Argentina Sergio Agüero
83%
9 Ivory Coast Yaya Touré
80%
14 Serbia Nemanja Vidić
78%
3 Netherlands Ruud Van Nistelrooy
77%
17 Czech Republic Petr Čech
73%
37 Bulgaria Dimitar Berbatov
71%
40 Belgium Eden Hazard
65%
18 Spain Fernando Torres
65%
12 Spain David Silva
64%
28 Croatia Luka Modrić
64%
5 France Patrick Vieira
62%
13 Italy Gianfranco Zola
60%
16 France Robert Pirès
60%
22 Netherlands Edwin Van Der Sar
58%
21 Spain Cesc Fàbregas
57%
32 Argentina Carlos Tevez
54%
25 Ghana Michael Essien
52%
20 Sweden Freddie Ljungberg
48%
10 Netherlands Jaap Stam
48%
15 Belgium Vincent Kompany
48%
34 Netherlands Arjen Robben
46%
11 Finland Sami Hyypiä
40%
30 Germany Michael Ballack
37%
50 Spain Xabi Alonso
37%
24 Spain Juan Mata
36%
31 Serbia Branislav Ivanović
35%
39 Nigeria Jay Jay Okocha
35%
46 Netherlands Dirk Kuyt
33%
23 France Claude Makélélé
31%
38 France Marcel Desailly
31%
45 USA Brad Friedel
30%
36 Netherlands Marc Overmars
30%
33 Netherlands Jimmy Floyd Hasselbaink
27%
26 Spain Pepe Reina
23%
49 France Fabian Barthez
21%
42 Argentina Javier Mascherano
19%
41 Brazil Juninho
19%
35 Netherlands Rafael Van Der Vaart
19%
47 Argentina Pablo Zabaleta
17%
27 France David Ginola
15%
43 South Africa Lucas Radebe
15%
29 France Samir Nasri
13%
48 Germany Dietmar Hamann
10%
44 Brazil Gilberto Silva
9%
No matching quizzes found
Score Distribution
Percent of People with Each Score
Percentile by Number Answered
Your Score History
You have not taken this quiz since the last reset